Možnosti optimalizácie štruktúry nákladov podniku bakalárska práca

Salvato in:
Dettagli Bibliografici
Autore principale: Štaudingerová, Simona
Ente Autore: Fakulta podnikového manažmentu EU. Katedra podnikovohospodárska
Altri autori: Kufelová, Iveta, 1970-
Natura: Libro
Lingua:slovacco
Pubblicazione: Bratislava 2025
Tags: Aggiungi Tag
Nessun Tag, puoi essere il primo ad aggiungerne!!

MARC

LEADER 00000nbm a2200000 4500
001 0310043
005 20251209124652.0
041 0 |a slo 
044 |a SK 
245 1 0 |a Možnosti optimalizácie štruktúry nákladov podniku  |b bakalárska práca  |c Simona Štaudingerová ; školiteľ: Iveta Kufelová 
264 1 |a Bratislava  |c 2025 
300 |a 53 s. 
100 1 |a Štaudingerová, Simona 
700 1 |a Kufelová, Iveta, 1970- 
710 2 |a Fakulta podnikového manažmentu EU. Katedra podnikovohospodárska